01053cam a2200265 a 4500001000400000003001000004005001700014008004100031020002500072020002500097040002500122080001600147245011900163260003800282300002500320490005700345504002500402505009300427650004500520650005300565650004300618700003600661700003600697830005400733144BR-CuiBMT20231129134631.0230821s2020 mgba 000 0 por d a9788545006190 (v. 1) a9788545006206 (v. 2) aBR-CuiBMTcBR-CuiBMT 22007a343.100aDireito processual de polícia judiciária /cEliomar da Silva Pereira, Márcio Adriano Anselmo, organizadores. aBelo Horizonte :bFórum,c2020. a2 v. :bil. ;c22 cm1 aCurso de direito de polícia judiciária ;vv. 4-5 aInclui bibliografia.0 av. 1. O procedimento de inquérito policial -- v. 2. Os meios de obtenção de prova. aInvestigação criminalxProcedimentos aDireito processual penalxPolícia judiciária aInquérito policialxColeta de provas1 aPereira, Eliomar da Silva4org.1 aAnselmo, Márcio Adriano4org. 0aCurso de direito de polícia judiciária ;v4-5